=LDR 00000nam 2200000 4500 =001 INLIS000000000050877 =005 20200326070204 =035 ##$$a 0010-0817000060 =007 ta =008 200326################g##########0#ind## =020 ##$$a 978-602-296-125-3 =082 ##$$a 297.5 =084 ##$$a 297.5 ABD p =100 #$$a Abdul Qosim =245 1#$$a Perbaiki Dirimu, Mengucurlah Rezekimu : $b Pangkal Segala Percakapan Rezeki /$c Abdul Qosim; Editor, Nirmala =260 ##$$a Yogyakarta :$b Diva Press,$c 2015 =300 ##$$a 220 hlm ; $c 14 x 20 cm =650 #4$$a Akhalk =504 ##$$a Bibliografi : hlm. 217 - 219 =250 ##$$a Cet. 1 =520 ##$$a Biografi : hlm. 220 =990 ##$$a 31701577